[Event "Piestany Slovakia op-B"]
[Site "Piestany"]
[Date "2022.07.12"]
[Round "2"]
[White "Machalec, Vladimir"]
[Black "Jablonicky, Frantisek"]
[Result "0-1"]
[WhiteElo "1775"]
[BlackElo "2029"]
[PlyCount "50"]
[EventDate "2022.07.11"]
[EventType "swiss"]
[EventRounds "9"]
[EventCountry "SVK"]
[SourceTitle "CBM 209 Extra"]
[Source "ChessBase"]
[SourceDate "2022.09.30"]
[SourceVersion "1"]
[SourceVersionDate "2022.09.30"]
[SourceQuality "1"]

1. Nf3 f5 2. g3 Nf6 3. Bg2 g6 4. 0-0 Bg7 5. d4 0-0 6. c4 d6 7. Nc3 Qe8 8. Qc2 e5 9. dxe5 dxe5 10. e4 Nc6 11. Nd5 Rf7 12. Nxf6+ Rxf6 13. Bg5 Rf8 14. exf5 gxf5 15. c5 Qh5 16. Be3 f4 17. gxf4 exf4 18. Qc4+ Kh8 19. Bd4 Nxd4 20. Nxd4 f3 21. Nxf3 Rxf3 22. Bxf3 Qxf3 23. Qb3 Qxb3 24. axb3 Bh3 25. Rfe1 Bd4 0-1

[Event "Piestany Slovakia op"]
[Site "Piestany"]
[Date "2021.07.17"]
[Round "8"]
[White "Machalec, Vladimir"]
[Black "Gajarsky, Roman"]
[Result "1-0"]
[WhiteElo "1832"]
[BlackElo "1777"]
[PlyCount "43"]
[EventDate "2021.07.10"]
[EventType "swiss"]
[EventRounds "9"]
[EventCountry "SVK"]
[SourceTitle "CBM 203 Extra"]
[Source "ChessBase"]
[SourceDate "2021.09.30"]
[SourceVersion "1"]
[SourceVersionDate "2021.09.30"]
[SourceQuality "1"]

1. Nf3 d5 2. g3 Bf5 3. Bg2 c6 4. 0-0 Qc7 5. d4 e6 6. Bf4 Bd6 7. Bxd6 Qxd6 8. Nbd2 Nf6 9. c4 dxc4 10. Nxc4 Qb4 11. Qc1 0-0 12. a3 Qe7 13. Nh4 Bg6 14. Nxg6 hxg6 15. e4 Rd8 16. Qc3 Na6 17. b4 Rac8 18. Qb2 b6 19. e5 Nd5 20. Nd6 Rc7 21. Qe2 f5 22. Qxa6 1-0

[Event "Bratislava Slovan op"]
[Site "Bratislava"]
[Date "2019.05.07"]
[Round "8"]
[White "Machalec, Vladimir"]
[Black "Janos, Jozef"]
[Result "0-1"]
[WhiteElo "1852"]
[BlackElo "2114"]
[PlyCount "68"]
[EventDate "2019.05.01"]
[EventType "swiss"]
[EventRounds "9"]
[EventCountry "SVK"]
[SourceTitle "CBM 190 Extra"]
[Source "ChessBase"]
[SourceDate "2019.07.15"]
[SourceVersion "1"]
[SourceVersionDate "2019.07.15"]
[SourceQuality "1"]

1. Nf3 Nf6 2. c4 g6 3. d4 Bg7 4. Nc3 0-0 5. e4 d6 6. Be2 e5 7. 0-0 Nc6 8. d5 Ne7 9. h3 Ne8 10. Ne1 f5 11. f4 exf4 12. Bxf4 fxe4 13. Nxe4 Bxb2 14. Rb1 Bg7 15. g4 b6 16. Qd2 Nf6 17. Nxf6+ Bxf6 18. Nd3 Bd7 19. Nf2 g5 20. Bxg5 Bxg5 21. Qxg5+ Ng6 22. Ne4 Qxg5 23. Nxg5 Nf4 24. Bf3 h6 25. Ne6 Bxe6 26. dxe6 Rae8 27. Bd5 Kg7 28. Rxf4 Rxf4 29. Rf1 Rxf1+ 30. Kxf1 c6 31. Bxc6 Rxe6 32. Kf2 Kf6 33. Bd5 Re5 34. a4 Kg5 0-1

[Event "Bratislava Slovan op"]
[Site "Bratislava"]
[Date "2019.05.02"]
[Round "2"]
[White "Machalec, Vladimir"]
[Black "Oprea, Erik"]
[Result "0-1"]
[WhiteElo "1852"]
[BlackElo "2127"]
[PlyCount "100"]
[EventDate "2019.05.01"]
[EventType "swiss"]
[EventRounds "9"]
[EventCountry "SVK"]
[SourceTitle "CBM 190 Extra"]
[Source "ChessBase"]
[SourceDate "2019.07.15"]
[SourceVersion "1"]
[SourceVersionDate "2019.07.15"]
[SourceQuality "1"]

1. Nf3 e6 2. g3 d5 3. Bg2 c5 4. 0-0 Nc6 5. d3 Nf6 6. c4 d4 7. e4 e5 8. Ne1 Be7 9. f4 Ng4 10. Nc2 Nb4 11. fxe5 Nxc2 12. Qxc2 Bg5 13. Na3 Be3+ 14. Kh1 a6 15. Qe2 h5 16. Bxe3 Nxe3 17. Rf4 h4 18. Rxh4 Rxh4 19. gxh4 Qxh4 20. Bf3 g5 21. Qe1 Bg4 22. Bxg4 Nxg4 23. Qxh4 gxh4 24. Kg2 Nxe5 25. Rd1 Ke7 26. Nc2 Rg8+ 27. Kh3 Rg6 28. b4 b6 29. bxc5 bxc5 30. Na1 Rf6 31. Nb3 Rf2 32. Nc1 Nf3 33. Kg4 Kf6 34. Nb3 Ne5+ 35. Kxh4 Rxh2+ 36. Kg3 Rxa2 37. Nxc5 Ra3 38. Rf1+ Ke7 39. Kf4 f6 40. Rb1 Kd6 41. Nb7+ Ke7 42. Nc5 Ra2 43. Kg3 Re2 44. Nxa6 Re3+ 45. Kg2 Nxd3 46. Rb7+ Kd6 47. Rb6+ Ke5 48. Nc7 Nf4+ 49. Kf2 Kxe4 50. Rxf6 Rf3+ 0-1

[Event "Bratislava Doprastav op"]
[Site "Bratislava"]
[Date "2019.04.20"]
[Round "5"]
[White "Miciak, Emanuel"]
[Black "Machalec, Vladimir"]
[Result "1-0"]
[WhiteElo "1853"]
[BlackElo "1858"]
[PlyCount "115"]
[EventDate "2019.04.18"]
[EventType "swiss"]
[EventRounds "7"]
[EventCountry "SVK"]
[SourceTitle "CBM 189 Extra"]
[Source "ChessBase"]
[SourceDate "2019.06.03"]
[SourceVersion "1"]
[SourceVersionDate "2019.06.03"]
[SourceQuality "1"]

1. d4 Nf6 2. c4 g6 3. Nc3 Bg7 4. e4 d6 5. f3 0-0 6. Be3 c6 7. Qd2 Qc7 8. Bd3 a6 9. Nge2 Nbd7 10. Rc1 e5 11. d5 c5 12. a3 b6 13. 0-0 Kh8 14. Rb1 Ng8 15. b4 Ne7 16. Na4 Rb8 17. bxc5 Nxc5 18. Nxc5 dxc5 19. Bc2 Qd6 20. Rb2 f5 21. Rfb1 fxe4 22. Bxe4 Nf5 23. Nc3 Nxe3 24. Qxe3 Bd7 25. Bc2 e4 26. Nxe4 Qc7 27. Kh1 Bxb2 28. Rxb2 Qe5 29. Rb1 Bf5 30. Qh6 Bxe4 31. Bxe4 Rf6 32. h4 Qf4 33. Qxf4 Rxf4 34. d6 Rf6 35. Rd1 Rd8 36. d7 b5 37. Bb7 Rb6 38. Bc8 Rb8 39. Bxa6 bxc4 40. Bxc4 Rb6 41. a4 Kg7 42. Bb5 Rb7 43. Rc1 Rc7 44. Rc4 Kf6 45. Re4 Rcxd7 46. Bxd7 Rxd7 47. Kg1 Rc7 48. Rc4 Ke5 49. Kf1 Kd5 50. Rc1 c4 51. Ke2 Kc5 52. Kd2 Rd7+ 53. Kc2 Rd3 54. Ra1 Rd4 55. a5 Rd7 56. a6 Ra7 57. Kc3 Kb5 58. h5 1-0

[Event "Bratislava Doprastav op"]
[Site "Bratislava"]
[Date "2019.04.19"]
[Round "2"]
[White "Visvader, Kristof"]
[Black "Machalec, Vladimir"]
[Result "0-1"]
[WhiteElo "1361"]
[BlackElo "1858"]
[PlyCount "88"]
[EventDate "2019.04.18"]
[EventType "swiss"]
[EventRounds "7"]
[EventCountry "SVK"]
[SourceTitle "CBM 189 Extra"]
[Source "ChessBase"]
[SourceDate "2019.06.03"]
[SourceVersion "1"]
[SourceVersionDate "2019.06.03"]
[SourceQuality "1"]

1. e4 g6 2. d4 Bg7 3. Nf3 d6 4. Nc3 Nf6 5. Be3 0-0 6. Qd2 Ng4 7. h4 Nxe3 8. Qxe3 h5 9. Nd2 Nc6 10. Nb3 Kh7 11. Be2 e5 12. dxe5 Nxe5 13. f4 Bh6 14. Qf2 Ng4 15. Qf3 f5 16. g3 c6 17. 0-0-0 fxe4 18. Nxe4 d5 19. Ng5+ Bxg5 20. hxg5 Qb6 21. Rdf1 Bf5 22. Bd3 Qe3+ 23. Qxe3 Nxe3 24. Re1 Bxd3 25. Rxe3 Be4 26. Rhe1 h4 27. gxh4 Rxf4 28. Nd2 Re8 29. Nxe4 dxe4 30. Rd1 Re7 31. Rh1 Kg7 32. Kd1 Kf7 33. Ke2 Ke6 34. a3 Rh7 35. Reh3 Kf5 36. R3h2 Rf3 37. Rf2 Rxf2+ 38. Kxf2 Kf4 39. Ke2 e3 40. Rf1+ Ke4 41. Rh1 Rf7 42. Rh2 Rd7 43. Ke1 Kf4 44. Ke2 Rd2+ 0-1

[Event "Bratislava Doprastav op"]
[Site "Bratislava"]
[Date "2019.04.18"]
[Round "1"]
[White "Machalec, Vladimir"]
[Black "Jablonicky, Martin"]
[Result "0-1"]
[WhiteElo "1858"]
[BlackElo "2322"]
[PlyCount "48"]
[EventDate "2019.04.18"]
[EventType "swiss"]
[EventRounds "7"]
[EventCountry "SVK"]
[SourceTitle "CBM 189 Extra"]
[Source "ChessBase"]
[SourceDate "2019.06.03"]
[SourceVersion "1"]
[SourceVersionDate "2019.06.03"]
[SourceQuality "1"]

1. Nf3 Nf6 2. g3 g6 3. Bg2 Bg7 4. 0-0 0-0 5. c4 d6 6. d4 c6 7. Nc3 Bf5 8. Nh4 Be6 9. d5 cxd5 10. cxd5 Bd7 11. Qb3 b6 12. e4 Na6 13. Qd1 b5 14. Qe2 Rb8 15. Nd1 Nc5 16. Bg5 b4 17. Qc2 Bb5 18. e5 Bd3 19. Qc1 Bxf1 20. exf6 exf6 21. Be3 Bxg2 22. Nxg2 Rc8 23. Qd2 Qa5 24. a3 Nb3 0-1

[Event "Hradec Kralove op 9th"]
[Site "Hradec Kralove"]
[Date "2018.10.01"]
[Round "2"]
[White "Kaplan, Daniel"]
[Black "Machalec, Vladimir"]
[Result "1-0"]
[WhiteElo "2017"]
[BlackElo "1837"]
[PlyCount "105"]
[EventDate "2018.09.30"]
[EventType "swiss"]
[EventRounds "9"]
[EventCountry "CZE"]
[SourceTitle "CBM 186 Extra"]
[Source "ChessBase"]
[SourceDate "2018.08.24"]
[SourceVersion "1"]
[SourceVersionDate "2018.08.24"]
[SourceQuality "1"]

1. e4 g6 2. d4 Bg7 3. f4 d6 4. Nf3 Nf6 5. Bd3 0-0 6. 0-0 Nbd7 7. c4 c5 8. d5 Ne8 9. Nc3 Nc7 10. Qe2 e6 11. Bd2 exd5 12. exd5 Re8 13. Qf2 Nf6 14. Rae1 b5 15. b3 b4 16. Ne4 Nxe4 17. Bxe4 Bg4 18. Qg3 Qd7 19. f5 Rxe4 20. Rxe4 Bxf5 21. Ree1 a5 22. Bf4 Ne8 23. Nh4 Bc3 24. Nxf5 Qxf5 25. Bd2 Bd4+ 26. Be3 Be5 27. Bf4 Bd4+ 28. Be3 Be5 29. Qh4 Bf6 30. Qf2 Qxf2+ 31. Rxf2 a4 32. bxa4 Kf8 33. Bh6+ Bg7 34. Bxg7+ Nxg7 35. g4 f5 36. Kg2 Rxa4 37. Re3 Ra7 38. Kg3 Re7 39. Rxe7 Kxe7 40. g5 Kd7 41. a3 bxa3 42. Ra2 Ne8 43. Rxa3 Nc7 44. Kf4 Kd8 45. Rh3 Na8 46. Rxh7 Nb6 47. Rg7 Nxc4 48. Rxg6 Ke7 49. Rg7+ Ke8 50. Kxf5 Kf8 51. Rc7 Ne3+ 52. Ke6 Ng4 53. h4 1-0

[Event "Levice op"]
[Site "Levice"]
[Date "2018.08.04"]
[Round "5"]
[White "Machalec, Vladimir"]
[Black "Benci, Rudolf"]
[Result "0-1"]
[WhiteElo "1840"]
[BlackElo "1567"]
[PlyCount "80"]
[EventDate "2018.08.02"]
[EventType "swiss"]
[EventRounds "7"]
[EventCountry "SVK"]
[SourceTitle "CBM 185 Extra"]
[Source "ChessBase"]
[SourceDate "2018.07.29"]
[SourceVersion "1"]
[SourceVersionDate "2018.07.29"]
[SourceQuality "1"]

1. c4 Nf6 2. Nc3 e6 3. g3 d5 4. cxd5 exd5 5. Bg2 c6 6. d4 Bf5 7. Nf3 h6 8. 0-0 Be7 9. Qb3 Qb6 10. Qxb6 axb6 11. Bf4 Nbd7 12. Ne5 g5 13. Nxd7 Kxd7 14. Bd2 Ne4 15. Nxe4 Bxe4 16. f3 Bg6 17. e4 dxe4 18. fxe4 Kc7 19. a3 Rad8 20. Bc3 Rhe8 21. e5 Rf8 22. Rac1 Bd3 23. Rfd1 Bc4 24. Bb4 Bxb4 25. Rxc4 Be7 26. b4 b5 27. Rcc1 g4 28. Bxc6 bxc6 29. d5 Bg5 30. Rxc6+ Kb7 31. Rc2 Rc8 32. Rxc8 Rxc8 33. Rf1 Rc1 34. Kg2 Rxf1 35. Kxf1 Bc1 36. Ke2 Bxa3 37. Kd3 Bxb4 38. Ke4 Be7 39. d6 Bd8 40. Kd5 Kb6 0-1

[Event "Levice op"]
[Site "Levice"]
[Date "2018.08.03"]
[Round "2"]
[White "Babula, Milan"]
[Black "Machalec, Vladimir"]
[Result "1-0"]
[WhiteElo "2230"]
[BlackElo "1840"]
[PlyCount "51"]
[EventDate "2018.08.02"]
[EventType "swiss"]
[EventRounds "7"]
[EventCountry "SVK"]
[SourceTitle "CBM 185 Extra"]
[Source "ChessBase"]
[SourceDate "2018.07.29"]
[SourceVersion "1"]
[SourceVersionDate "2018.07.29"]
[SourceQuality "1"]

1. e4 c5 2. Nf3 Nc6 3. d4 cxd4 4. Nxd4 g6 5. c4 Bg7 6. Be3 Nf6 7. Nc3 0-0 8. Be2 d6 9. 0-0 Ng4 10. Bxg4 Bxg4 11. Nxc6 Bxd1 12. Nxd8 Bg4 13. Nxb7 Rfb8 14. Na5 Rxb2 15. Rac1 Bxc3 16. Rxc3 Rxa2 17. Nc6 Kf8 18. c5 Be2 19. Rfc1 Ke8 20. cxd6 exd6 21. Bf4 Ra4 22. f3 Kd7 23. R3c2 Bb5 24. Rd2 Bxc6 25. Rxd6+ Ke7 26. Rdxc6 1-0

[Event "SVK-chT2A 1718"]
[Site "Slovakia"]
[Date "2018.02.24"]
[Round "8.8"]
[White "Horvath, Marek"]
[Black "Machalec, Vladimir"]
[Result "0-1"]
[WhiteElo "1817"]
[BlackElo "1943"]
[PlyCount "105"]
[EventDate "2017.10.28"]
[EventType "team-tourn"]
[EventRounds "11"]
[EventCountry "SVK"]
[SourceTitle "EXT 2020"]
[Source "ChessBase"]
[SourceDate "2019.10.17"]
[SourceVersion "1"]
[SourceVersionDate "2019.10.17"]
[SourceQuality "1"]
[WhiteTeam "Modra II"]
[BlackTeam "Bratislava Doprastav"]
[WhiteTeamCountry "SVK"]
[BlackTeamCountry "SVK"]

1. e4 c5 2. c3 d5 3. exd5 Qxd5 4. d4 cxd4 5. cxd4 Nc6 6. Nf3 e6 7. Be2 Bb4+ 8. Nc3 Qa5 9. Bd2 Nge7 10. 0-0 0-0 11. Qc2 Qd8 12. Rad1 Nf5 13. Be3 Ba5 14. d5 Nxe3 15. fxe3 exd5 16. Nxd5 Qe8 17. Ng5 f5 18. Bc4 Kh8 19. Rf3 Ne5 20. Rh3 h6 21. Bb3 Qg6 22. Qc5 Nd7 23. Qxa5 Qxg5 24. Nf4 Qf6 25. Rg3 g5 26. Ne6 f4 27. exf4 gxf4 28. Rf3 Qe5 29. Qb4 Rf6 30. Re1 Qxb2 31. Nxf4 Ne5 32. Rf2 Qxf2+ 33. Kxf2 Nd3+ 34. Kg3 Nxb4 35. Re8+ Kg7 36. Nh5+ Kg6 37. Rg8+ Kf5 38. Nxf6 Kxf6 39. Kf4 Nd3+ 40. Ke3 Nc5 41. Bd1 Kf7 42. Rh8 Nd7 43. Bg4 Nf8 44. Bxc8 Rxc8 45. Rxh6 Rc2 46. g4 Rxa2 47. g5 b5 48. Rf6+ Kg7 49. h4 Ra3+ 50. Kd4 Ra4+ 51. Kc5 a6 52. Rd6 b4 53. Rb6 0-1

[Event "Banska Stiavnica V4 op"]
[Site "Banska Stiavnica"]
[Date "2017.07.14"]
[Round "7"]
[White "Machalec, Vladimir"]
[Black "Lecky, Juraj"]
[Result "0-1"]
[WhiteElo "1865"]
[BlackElo "2071"]
[PlyCount "94"]
[EventDate "2017.07.08"]
[EventType "swiss"]
[EventRounds "9"]
[EventCountry "SVK"]
[SourceTitle "CBM 179 Extra"]
[Source "ChessBase"]
[SourceDate "2017.08.23"]
[SourceVersion "1"]
[SourceVersionDate "2017.08.23"]
[SourceQuality "1"]

1. c4 c5 2. Nc3 Nc6 3. Nf3 g6 4. g3 Bg7 5. Bg2 e6 6. 0-0 Nge7 7. d3 0-0 8. Be3 b6 9. Rb1 d5 10. cxd5 exd5 11. d4 Bf5 12. Rc1 Rc8 13. Na4 c4 14. Nc3 a6 15. Nh4 b5 16. f4 b4 17. Na4 Qd6 18. Bf2 Nb8 19. Nxf5 Nxf5 20. e3 Rfe8 21. Bh3 Nd7 22. Bxf5 gxf5 23. Qc2 Re4 24. Rfe1 Bf8 25. Re2 Qe6 26. Rd1 Rc6 27. Qd2 a5 28. a3 bxa3 29. Nc3 axb2 30. Nxe4 Qxe4 31. Qxb2 Bb4 32. Qc2 Qxc2 33. Rxc2 Nf6 34. Be1 Ne4 35. Bxb4 axb4 36. Rb1 Rb6 37. Rcb2 b3 38. Kf1 c3 39. Rxb3 Rxb3 40. Rxb3 Nd2+ 41. Ke2 Nxb3 42. Kd3 Nd2 43. Kxc3 Nf1 44. Kb4 Nxe3 45. Kc5 Kf8 46. h3 h5 47. Kd6 Ke8 0-1

[Event "SVK-chT2A 1617"]
[Site "Slovakia"]
[Date "2017.01.21"]
[Round "7.8"]
[White "Machalec, Vladimir"]
[Black "Vegh, Vince"]
[Result "1-0"]
[WhiteElo "1840"]
[BlackElo "1931"]
[PlyCount "109"]
[EventDate "2016.10.08"]
[EventType "team-tourn"]
[EventRounds "11"]
[EventCountry "SVK"]
[SourceTitle "EXT 2018"]
[Source "ChessBase"]
[SourceDate "2017.10.13"]
[SourceVersion "1"]
[SourceVersionDate "2017.10.13"]
[SourceQuality "1"]
[WhiteTeam "Bratislava Doprastav"]
[BlackTeam "Potonska Veza"]
[WhiteTeamCountry "SVK"]
[BlackTeamCountry "SVK"]

1. c4 c6 2. Nc3 d5 3. cxd5 cxd5 4. Nf3 Nf6 5. g3 Nc6 6. d4 Bf5 7. Bg2 h6 8. 0-0 e6 9. a3 a6 10. Bf4 Be7 11. Rc1 0-0 12. Na4 Ne4 13. Ne5 Nxe5 14. Bxe5 b5 15. Bc7 Qe8 16. Nb6 Ra7 17. f3 Nd6 18. Bxd6 Bxd6 19. Nc8 Rd7 20. Nxd6 Rxd6 21. e4 Bg6 22. Re1 Qd7 23. e5 Rc6 24. Qd2 Rfc8 25. b4 Rc2 26. Qe3 R8c4 27. Rxc2 Rxc2 28. Rc1 Qc7 29. Rxc2 Qxc2 30. Bf1 Kh7 31. Be2 Bf5 32. g4 Bg6 33. Kg2 Kh8 34. h3 Qb2 35. Kg3 Bc2 36. h4 Bb3 37. f4 Bc4 38. Bf3 Qb1 39. h5 Kg8 40. f5 Qd3 41. Qxd3 Bxd3 42. Kf4 Kf8 43. f6 gxf6 44. exf6 Ke8 45. g5 hxg5+ 46. Kxg5 Kf8 47. Kf4 Kg8 48. Ke5 Bc2 49. Kd6 Kh7 50. Bg4 Kg8 51. Bxe6 Bd1 52. Bxd5 Bxh5 53. Ke7 Bg6 54. Bb7 Bd3 55. d5 1-0

[Event "SVK-chT2A 1415"]
[Site "Slovakia"]
[Date "2015.03.08"]
[Round "11.7"]
[White "Machalec, Vladimir"]
[Black "Mackovic, Miroslav"]
[Result "0-1"]
[WhiteElo "1918"]
[BlackElo "1846"]
[PlyCount "154"]
[EventDate "2014.10.11"]
[EventType "team-tourn"]
[EventRounds "11"]
[EventCountry "SVK"]
[SourceTitle "EXT 2016"]
[Source "ChessBase"]
[SourceDate "2015.10.08"]
[SourceVersion "1"]
[SourceVersionDate "2015.10.08"]
[SourceQuality "1"]
[WhiteTeam "Bratislava Doprastav II"]
[BlackTeam "Trnava Modranka"]
[WhiteTeamCountry "SVK"]
[BlackTeamCountry "SVK"]

1. c4 Nf6 2. Nc3 g6 3. d4 d6 4. e4 Bg7 5. Nf3 0-0 6. Be2 Nfd7 7. 0-0 e5 8. d5 f5 9. Ng5 Nf6 10. f4 h6 11. fxe5 hxg5 12. exf6 Bxf6 13. exf5 gxf5 14. Bd3 a6 15. Qc2 Bd4+ 16. Kh1 f4 17. Ne2 Be5 18. Bh7+ Kh8 19. Be4 Qf6 20. Bd2 Bg4 21. Bc3 Nd7 22. g3 Qh6 23. gxf4 gxf4 24. Ng1 Bxc3 25. Qxc3+ Ne5 26. Rf2 Rf7 27. Raf1 Raf8 28. h3 Bh5 29. Nf3 Bxf3+ 30. Bxf3 Rg7 31. Bg2 Rfg8 32. Qd4 Rg3 33. Qxf4 Qxf4 34. Rxf4 R8g5 35. Rh4+ Kg8 36. Rf2 Nd3 37. Rd2 Ne5 38. Rf4 Re3 39. Kh2 Reg3 40. b3 Rg7 41. Rdf2 Re3 42. Be4 Rgg3 43. Bf5 Rg5 44. h4 Rgg3 45. Be6+ Kg7 46. Rg2 Rxg2+ 47. Kxg2 Re2+ 48. Rf2 Rxf2+ 49. Kxf2 b6 50. Kg3 Kf6 51. Kf4 Nd3+ 52. Kg4 Nc1 53. Bf5 Nxa2 54. h5 Nc1 55. Bc2 Ne2 56. b4 Kg7 57. Kg5 Nd4 58. h6+ Kh8 59. Be4 a5 60. Kf6 axb4 61. Ke7 b5 62. c5 dxc5 63. Kd7 c4 64. Kxc7 c3 65. d6 Ne6+ 66. Kd7 Nc5+ 67. Kc6 b3 68. Kxc5 c2 69. d7 c1Q+ 70. Kb6 Qxh6+ 71. Kb7 Qf6 72. Kc8 Qe6 73. Bb1 Kg7 74. Kc7 Qe5+ 75. Kc8 Qc5+ 76. Kb7 Qd6 77. Bf5 Kf6 0-1

[Event "Bratislava Dubravan op"]
[Site "Bratislava"]
[Date "2014.08.30"]
[Round "6"]
[White "Machalec, Vladimir"]
[Black "Oprea, Erik"]
[Result "0-1"]
[WhiteElo "1900"]
[BlackElo "2143"]
[PlyCount "58"]
[EventDate "2014.08.25"]
[EventType "swiss"]
[EventRounds "7"]
[EventCountry "SVK"]
[SourceTitle "EXT 2023"]
[Source "ChessBase"]
[SourceDate "2022.10.05"]
[SourceVersion "1"]
[SourceVersionDate "2022.10.05"]
[SourceQuality "1"]

1. c4 d6 2. d4 c6 3. Nc3 Nd7 4. Nf3 e5 5. d5 c5 6. e4 Be7 7. Bd3 Ngf6 8. 0-0 Nf8 9. Bg5 h6 10. Bh4 g5 11. Bg3 Ng6 12. h3 Nf4 13. Bxf4 gxf4 14. Kh2 h5 15. b4 cxb4 16. Qa4+ Bd7 17. Qxb4 b6 18. Nb5 Rh6 19. Nxe5 dxe5 20. d6 Bf8 21. Nc7+ Qxc7 22. dxc7 Bxb4 23. c5 Bxc5 24. Ba6 Ke7 25. Rad1 Bd4 26. Rc1 Bc8 27. Bb5 Bb7 28. f3 Rc8 29. Rfe1 Ne8 0-1

[Event "SVK-chT1W 1314"]
[Site "Slovakia"]
[Date "2013.11.17"]
[Round "4.7"]
[White "Puskar, Peter"]
[Black "Machalec, Vladimir"]
[Result "1-0"]
[WhiteElo "2063"]
[BlackElo "1958"]
[PlyCount "83"]
[EventDate "2013.10.12"]
[EventType "team-tourn"]
[EventRounds "11"]
[EventCountry "SVK"]
[SourceTitle "EXT 2015"]
[Source "ChessBase"]
[SourceDate "2014.11.20"]
[SourceVersion "1"]
[SourceVersionDate "2014.11.20"]
[SourceQuality "1"]
[WhiteTeam "Trnava Lokomotiva"]
[BlackTeam "Bratislava Doprastav II"]
[WhiteTeamCountry "SVK"]
[BlackTeamCountry "SVK"]

1. d4 Nf6 2. c4 g6 3. Nc3 Bg7 4. e4 d6 5. Nf3 0-0 6. Be2 Nbd7 7. 0-0 e5 8. d5 Nc5 9. Qc2 a5 10. Ne1 Ne8 11. Be3 f5 12. f3 f4 13. Bf2 g5 14. Rb1 Na6 15. a3 c5 16. dxc6 bxc6 17. b4 axb4 18. axb4 c5 19. Nd3 cxb4 20. Nd5 Be6 21. N3xb4 Nxb4 22. Nxb4 Rf7 23. Rfd1 Qc8 24. Nd5 Bxd5 25. Rxd5 Bf8 26. c5 Nf6 27. Bc4 Kg7 28. Rd2 Rc7 29. Bd5 Nxd5 30. exd5 dxc5 31. d6 Rd7 32. Qf5 Bxd6 33. Qxg5+ Kf7 34. Qh6 Qf8 35. Qxh7+ Ke6 36. Qd3 Rad8 37. Bh4 Be7 38. Qg6+ Bf6 39. Rb6+ Rd6 40. Rdxd6+ Rxd6 41. Rxd6+ Kxd6 42. Qxf6+ 1-0

[Event "Bratislava Slovan op"]
[Site "Bratislava"]
[Date "2013.05.03"]
[Round "8"]
[White "Machalec, Vladimir"]
[Black "Munk, Lubomir"]
[Result "0-1"]
[WhiteElo "1943"]
[BlackElo "1902"]
[PlyCount "64"]
[EventDate "2013.04.27"]
[EventType "swiss"]
[EventRounds "9"]
[EventCountry "SVK"]
[SourceTitle "EXT 2023"]
[Source "ChessBase"]
[SourceDate "2022.10.05"]
[SourceVersion "1"]
[SourceVersionDate "2022.10.05"]
[SourceQuality "1"]

1. c4 e5 2. Nc3 Nc6 3. g3 f5 4. Bg2 Nf6 5. d3 Be7 6. Nf3 0-0 7. 0-0 d6 8. Qb3 Kh8 9. Nd5 Nxd5 10. cxd5 Nb8 11. Bd2 Nd7 12. Rac1 Nb6 13. Ne1 Bd7 14. Ba5 Rc8 15. Bxb6 axb6 16. Nc2 Qe8 17. Ne3 Bg5 18. Rc4 f4 19. Nd1 h5 20. h4 Be7 21. Qc2 c5 22. Nc3 b5 23. Re4 Bf5 24. Kh2 b4 25. Nb1 Bxe4 26. dxe4 fxg3+ 27. fxg3 Rxf1 28. Bxf1 Qf7 29. Bg2 g5 30. hxg5 Bxg5 31. Nd2 h4 32. Nf3 hxg3+ 0-1

[Event "Bratislava Slovan op"]
[Site "Bratislava"]
[Date "2013.05.02"]
[Round "7"]
[White "Sulek, Viliam"]
[Black "Machalec, Vladimir"]
[Result "1-0"]
[WhiteElo "2070"]
[BlackElo "1943"]
[PlyCount "73"]
[EventDate "2013.04.27"]
[EventType "swiss"]
[EventRounds "9"]
[EventCountry "SVK"]
[SourceTitle "CBM 154 Extra"]
[Source "ChessBase"]
[SourceDate "2013.06.25"]
[SourceVersion "2"]
[SourceVersionDate "2013.06.25"]
[SourceQuality "1"]

1. e4 c5 2. Nf3 Nc6 3. d4 cxd4 4. Nxd4 g6 5. g3 Bg7 6. Ne2 Nf6 7. Nbc3 0-0 8. Bg2 d6 9. 0-0 a6 10. h3 Rb8 11. a4 b6 12. Nd5 e6 13. Ndc3 Bb7 14. Be3 Ne7 15. Bf4 e5 16. Bg5 h6 17. Bxf6 Bxf6 18. Qd2 Bg7 19. Rad1 Nc8 20. Nd5 Bxd5 21. Qxd5 Qc7 22. Nc3 Rd8 23. Rd2 Qc5 24. Rfd1 Qxd5 25. Nxd5 Bf8 26. Nb4 Rb7 27. Nxa6 Ra7 28. Bf1 Ra8 29. Bb5 Na7 30. c4 Rdc8 31. b3 Nxb5 32. axb5 Be7 33. Ra2 Ra7 34. Rda1 Rca8 35. Kf1 Kf8 36. Ke2 Ke8 37. Nc7+ 1-0